ՀՀ Գիտությունների ազգային ակադեմիայի հիմնարար գիտական գրադարան  =   Fundamental Scientific Library of NAS RA

Հայերեն, վրացերեն, ադրբեջաներեն խաղերի ժողովածու / (Record no. 103243)

MARC details
000 -LEADER
fixed length control field 01347nam a2200289 a 4500
001 - CONTROL NUMBER
control field 000282130
003 - CONTROL NUMBER IDENTIFIER
control field AM-YEHGA
005 - DATE AND TIME OF LATEST TRANSACTION
control field 20260129160130.0
008 - FIXED-LENGTH DATA ELEMENTS--GENERAL INFORMATION
fixed length control field 031111s1963 ai r 000|0 arm d
040 ## - CATALOGING SOURCE
Original cataloging agency AM-YEHGA
041 0# - LANGUAGE CODE
Language code of text/sound track or separate title arm
100 1# - MAIN ENTRY--PERSONAL NAME
Personal name Սայաթ-Նովա,
Dates associated with a name 1712-1795
9 (RLIN) 1028
245 10 - TITLE STATEMENT
Title Հայերեն, վրացերեն, ադրբեջաներեն խաղերի ժողովածու /
Statement of responsibility, etc. Կազմ., խմբ., առաջաբ. և վերջաբ. հեղ.՝ Մ. Հասրաթյան ; Նկ.՝ Ա. Գասպարյան.
260 ## - PUBLICATION, DISTRIBUTION, ETC.
Place of publication, distribution, etc. Երևան :
Name of publisher, distributor, etc. Հայպետհրատ,
Date of publication, distribution, etc. 1963.
300 ## - PHYSICAL DESCRIPTION
Extent 347 էջ :
Other physical details նկ. ;
Dimensions 23 սմ.
500 ## - GENERAL NOTE
General note Առաջաբ., էջ՝ V-XXXX
500 ## - GENERAL NOTE
General note Ծանոթագր., էջ՝ 233-276
500 ## - GENERAL NOTE
General note Բառարան, էջ՝ 277-320
500 ## - GENERAL NOTE
General note Հատուկ անուն. բառարան, էջ՝ 321-326
504 ## - BIBLIOGRAPHY, ETC. NOTE
Bibliography, etc. note Բիբլիոգրաֆիա (հայ. և ռուս. լեզ.), էջ՝ 337-342
650 14 - SUBJECT ADDED ENTRY--TOPICAL TERM
Topical term or geographic name entry element Հայ գրականություն
General subdivision Երգարան
650 14 - SUBJECT ADDED ENTRY--TOPICAL TERM
Topical term or geographic name entry element Գուսանական արվեստ
9 (RLIN) 4727
653 0# - INDEX TERM--UNCONTROLLED
Uncontrolled term Հայ անվանի աշուղներ
700 1# - ADDED ENTRY--PERSONAL NAME
Personal name Հասրաթյան, Մորուս Ստեփանի,
Dates associated with a name 1902-1979
Relator term կազմ.
Relationship com
Relator term խմբ.
Relationship edt
Relator term վերջաբ.
Relationship aft
9 (RLIN) 2367
700 1# - ADDED ENTRY--PERSONAL NAME
Personal name Գասպարյան, Անուշավան Վարդանի,
Dates associated with a name 1914-1986
Relator term նկ.
Relationship art
9 (RLIN) 3012
942 ## - ADDED ENTRY ELEMENTS (KOHA)
Source of classification or shelving scheme Universal Decimal Classification
Koha item type Գրքեր / Books
Holdings
Withdrawn status Lost status Damaged status Not for loan Collection Home library Current library Date acquired Total checkouts Full call number Barcode Date last seen Cost, replacement price Price effective from Koha item type Public note Date last checked out Source of classification or shelving scheme
        General Fundamental Scientific Library Fundamental Scientific Library 22/12/2016   AII/27833 220027833 22/12/2016 70.00 22/12/2016 Գրքեր / Books 30 Days Loan    
        General Fundamental Scientific Library Fundamental Scientific Library 22/12/2016 1 AII/27834 220027834 09/10/2025 70.00 22/12/2016 Գրքեր / Books 30 Days Loan 09/10/2025  
        General Fundamental Scientific Library Fundamental Scientific Library 22/12/2016   AII/27837 220027837 22/12/2016 70.00 22/12/2016 Գրքեր / Books 30 Days Loan    
        Kusikian Individual Collection Fundamental Scientific Library Fundamental Scientific Library 26/03/2021   Կուս/2566 FL0638771 26/03/2021   26/03/2021 Գրքեր / Books ILL Non Circ    
        Gharibyan individual Collection Fundamental Scientific Library Fundamental Scientific Library 16/10/2025   Ղար/269 FL0695330 16/10/2025   16/10/2025 Գրքեր / Books ILL Non-Circ.   Universal Decimal Classification


ՀՀ ԳԱԱ հիմնարար գիտական գրադարան
ՀՀ,Երևան 0019
Մարշալ Բաղրամյան 24/6
հեռախոս:(374-10) 52-47-50
Հետադարձ կապ

All site content, except where otherwise noted, is licensed under a
Creative Commons License